000 00368nam a2200133Ia 4500
005 20260328101511.0
008 260328s9999||||xx |||||||||||||| ||und||
100 _aRandle, Patricio H.
245 0 _aEvolución Urbanística :
_b Una teoría de la Ciudad en la Historia /
_cPatricio H. Randle
260 _bEUDEBA
300 _a173 p.
650 _aURBANISMO
942 _cBK
999 _c9210
_d9210